<?xml version="1.0" encoding="UTF-8"?>
<record
    xmlns:xsi="http://www.w3.org/2001/XMLSchema-instance"
    xsi:schemaLocation="http://www.loc.gov/MARC21/slim http://www.loc.gov/standards/marcxml/schema/MARC21slim.xsd"
    xmlns="http://www.loc.gov/MARC21/slim">

  <leader>00502nam a2200181   4500</leader>
  <controlfield tag="003">SEACOMEC</controlfield>
  <controlfield tag="005">20260414112608.0</controlfield>
  <controlfield tag="008">260414b        |||||||| |||| 00| 0 eng d</controlfield>
  <datafield tag="020" ind1=" " ind2=" ">
    <subfield code="a">978-93-55381-24-8</subfield>
  </datafield>
  <datafield tag="040" ind1=" " ind2=" ">
    <subfield code="a">SEACOMEC</subfield>
  </datafield>
  <datafield tag="082" ind1=" " ind2=" ">
    <subfield code="a">512</subfield>
    <subfield code="b">G231</subfield>
  </datafield>
  <datafield tag="100" ind1=" " ind2=" ">
    <subfield code="a">Garg, Reena </subfield>
  </datafield>
  <datafield tag="245" ind1=" " ind2=" ">
    <subfield code="a">&#x997;&#x9A3;&#x9BF;&#x9A4;-&#x9E7; Mathematics-I (Calculus and Linear Algebra) For Computer Science Engineering Branches</subfield>
    <subfield code="c">Reena Garg</subfield>
  </datafield>
  <datafield tag="260" ind1=" " ind2=" ">
    <subfield code="a">new Delhi</subfield>
    <subfield code="b">Khanna</subfield>
    <subfield code="c">2025</subfield>
  </datafield>
  <datafield tag="300" ind1=" " ind2=" ">
    <subfield code="a">451</subfield>
  </datafield>
  <datafield tag="650" ind1=" " ind2=" ">
    <subfield code="a">Math</subfield>
  </datafield>
  <datafield tag="942" ind1=" " ind2=" ">
    <subfield code="c">GBK</subfield>
  </datafield>
  <datafield tag="952" ind1=" " ind2=" ">
    <subfield code="0">0</subfield>
    <subfield code="1">0</subfield>
    <subfield code="2">ddc</subfield>
    <subfield code="4">0</subfield>
    <subfield code="7">0</subfield>
    <subfield code="a">SEACOMEC</subfield>
    <subfield code="b">SEACOMEC</subfield>
    <subfield code="d">2026-04-14</subfield>
    <subfield code="l">0</subfield>
    <subfield code="o">512 G231</subfield>
    <subfield code="p">G576</subfield>
    <subfield code="r">2026-04-14 11:26:26</subfield>
    <subfield code="w">2026-04-14</subfield>
    <subfield code="y">GBK</subfield>
  </datafield>
  <datafield tag="952" ind1=" " ind2=" ">
    <subfield code="0">0</subfield>
    <subfield code="1">0</subfield>
    <subfield code="2">ddc</subfield>
    <subfield code="4">0</subfield>
    <subfield code="7">0</subfield>
    <subfield code="a">SEACOMEC</subfield>
    <subfield code="b">SEACOMEC</subfield>
    <subfield code="d">2026-04-14</subfield>
    <subfield code="l">0</subfield>
    <subfield code="o">512 G231</subfield>
    <subfield code="p">G577</subfield>
    <subfield code="r">2026-04-14 11:26:26</subfield>
    <subfield code="w">2026-04-14</subfield>
    <subfield code="y">GBK</subfield>
  </datafield>
  <datafield tag="952" ind1=" " ind2=" ">
    <subfield code="0">0</subfield>
    <subfield code="1">0</subfield>
    <subfield code="2">ddc</subfield>
    <subfield code="4">0</subfield>
    <subfield code="7">0</subfield>
    <subfield code="a">SEACOMEC</subfield>
    <subfield code="b">SEACOMEC</subfield>
    <subfield code="d">2026-04-14</subfield>
    <subfield code="l">0</subfield>
    <subfield code="o">512 G231</subfield>
    <subfield code="p">G578</subfield>
    <subfield code="r">2026-04-14 11:26:26</subfield>
    <subfield code="w">2026-04-14</subfield>
    <subfield code="y">GBK</subfield>
  </datafield>
  <datafield tag="999" ind1=" " ind2=" ">
    <subfield code="c">2658</subfield>
    <subfield code="d">2658</subfield>
  </datafield>
</record>
